000 01089nam a22002657a 4500
005 20110808101136.0
010 _aENG-103245 B-460936
020 _a9788175544581
_c150.00
020 _a8175544589
_c150.00
035 _aEN-86778 B-460936
037 _bDBAD/PUB
037 _bVirtuous Pub/Ven
082 _a650.1
100 _aCaunt, John
_949060
245 _aStay confident /
_cby John Caunt
250 _a2nd ed
260 _aNew Delhi
_bKogan Page
_c2009
270 _a4737/23, Ansari Road, Daryaganj
_bNew Delhi
_e110002
300 _avi,150p.
_c22cm (pbk)
700 _931640
942 _2ddc
_cEN
_h650.1
_mCAU
999 _c55008
_d55008